[Event "Frankfurt Ch A 2019"]
[Site "Ffm-Höchst, BiKuZ"]
[Date "2019.05.20"]
[Round "4.9"]
[White "Özdemir, Ali Özden"]
[Black "Koch, Markus"]
[Result "1-0"]
[WhiteElo "2025"]
[BlackElo "2089"]
[PlyCount "67"]
[EventDate "2019.??.??"]
[WhiteTeam "SK Langen"]
[BlackTeam "SC Brett vorm Kopp"]

1. e4 e5 2. Nf3 Nf6 3. d4 Nxe4 4. Nxe5 d6 5. Nf3 Be7 6. Bd3 d5 7. c4 O-O 8. O-O
Nc6 9. Nc3 Nxc3 10. bxc3 Bg4 11. h3 Bh5 12. Re1 Re8 13. Bf4 dxc4 14. Bxc4 Na5
15. Bb5 c6 16. Bf1 f6 17. Rb1 a6 18. Bd3 Bf7 19. Qc2 g6 20. h4 Kg7 21. h5 g5
22. h6+ Kxh6 23. Nh4 gxf4 24. Nf5+ Kg5 25. Rxe7 Rxe7 26. g3 Qc7 27. Kh2 Bg6 28.
Nxe7 Bxd3 29. Qxd3 Qxe7 30. gxf4+ Kh6 31. Rg1 Qd7 32. Rg3 f5 33. Rg5 Rf8 34.
Qh3# 1-0

[Event "Frankfurt Ch A 2019"]
[Site "Ffm-Höchst, BiKuZ"]
[Date "2019.05.20"]
[Round "4.10"]
[White "Thomas, Norbert"]
[Black "Keller, Peter"]
[Result "0-1"]
[WhiteElo "1923"]
[BlackElo "2201"]
[PlyCount "66"]
[EventDate "2019.??.??"]
[WhiteTeam "SC Frankfurt-West"]
[BlackTeam "Frankfurter TV"]

1. c4 f5 2. d4 Nf6 3. Nc3 e6 4. Nf3 Bb4 5. Bd2 O-O 6. e3 b6 7. Bd3 Bb7 8. O-O
Bxc3 9. Bxc3 Ne4 10. Be1 d6 11. Kh1 Nd7 12. Qe2 Qf6 13. Ng1 Qg6 14. f3 Nef6 15.
Nh3 Rae8 16. Bc3 e5 17. d5 Rf7 18. Bc2 Bc8 19. b4 Nf8 20. a4 Qh6 21. Nf2 f4 22.
Ne4 Nh5 23. Kg1 Bf5 24. g4 fxg3 25. Nxg3 Bxc2 26. Nxh5 Qg6+ 27. Qg2 Bd3 28.
Qxg6 hxg6 29. Rfd1 Bxc4 30. Ng3 Rxf3 31. Rac1 Rxe3 32. Re1 Rxe1+ 33. Bxe1 Bxd5
0-1

[Event "Frankfurt Ch A 2019"]
[Site "Ffm-Höchst, BiKuZ"]
[Date "2019.05.20"]
[Round "4.11"]
[White "Makilla, Tobias"]
[Black "Neininger, Ralph"]
[Result "0-1"]
[WhiteElo "1911"]
[BlackElo "2133"]
[PlyCount "88"]
[EventDate "2019.??.??"]
[WhiteTeam "SC Hattersheim"]
[BlackTeam "SV Oberursel"]

1. e4 c6 2. d4 d5 3. e5 Bf5 4. Bd3 Bxd3 5. Qxd3 e6 6. Ne2 c5 7. Nbc3 Nc6 8. Be3
Nge7 9. Nb5 Nf5 10. dxc5 Nxe5 11. Qc3 Nxe3 12. Qxe5 Nc4 13. Qg3 Rc8 14. b4 a6
15. Nbd4 Qf6 16. O-O b6 17. cxb6 Bd6 18. Qb3 O-O 19. Qa4 Rb8 20. b5 axb5 21.
Nxb5 Be5 22. c3 Rxb6 23. Nbd4 Rfb8 24. Qc2 Ra8 25. a4 Rba6 26. Ra2 Qe7 27. Rfa1
Qd7 28. Nb5 g6 29. Ned4 Nb6 30. Qb3 Nc4 31. Qc2 Bf6 32. Nb3 Be7 33. Nd2 Nb6 34.
Qb3 Qc6 35. Nf3 Ra5 36. Ne5 Qc8 37. Nd4 R5a6 38. Nec6 Bf6 39. Nb4 R6a7 40. Ndc6
Rc7 41. a5 Nc4 42. Nd4 Rxa5 43. Rxa5 Nxa5 44. Rxa5 Rxc3 0-1

[Event "Frankfurt Ch A 2019"]
[Site "Ffm-Höchst, BiKuZ"]
[Date "2019.05.20"]
[Round "4.12"]
[White "Rennhack, Peer"]
[Black "Chandler, Patrick"]
[Result "0-1"]
[WhiteElo "1873"]
[BlackElo "2119"]
[PlyCount "162"]
[EventDate "2019.??.??"]
[WhiteTeam "Frankfurter TV"]
[BlackTeam "SC Nied"]

1. e4 Nc6 2. Nf3 d6 3. d4 Nf6 4. Nbd2 Bg4 5. c3 e6 6. Be2 Be7 7. h3 Bh5 8. Qc2
d5 9. e5 Nd7 10. O-O Bg6 11. Bd3 Nf8 12. b4 Qd7 13. Bxg6 Nxg6 14. b5 Na5 15. a4
a6 16. Rb1 O-O 17. c4 dxc4 18. Nxc4 axb5 19. axb5 b6 20. Ne3 Rfc8 21. Qe4 Ra7
22. Rd1 Re8 23. d5 Bc5 24. dxe6 Qxe6 25. Bb2 h6 26. Rd3 Raa8 27. Nd5 Rac8 28.
Rbd1 c6 29. bxc6 Nxc6 30. Nf4 Nxf4 31. Qxf4 Re7 32. Qg3 Rce8 33. Rd6 Qb3 34.
R1d2 Re6 35. Rxc6 Rxc6 36. e6 Bf8 37. exf7+ Qxf7 38. Ne5 Rxe5 39. Bxe5 Rg6 40.
Qf4 Qxf4 41. Bxf4 Kf7 42. Be3 Bc5 43. Bxc5 bxc5 44. Rc2 Rg5 45. h4 Rd5 46. f3
Ke6 47. Kf2 Kd6 48. Ke3 Kc6 49. g4 Rd7 50. f4 Re7+ 51. Kf3 Kd5 52. g5 hxg5 53.
hxg5 Rf7 54. Ke3 c4 55. Rc1 Re7+ 56. Kf3 Rc7 57. Rd1+ Ke6 58. Ke4 g6 59. Rc1 c3
60. Rc2 Rc4+ 61. Kd3 Rxf4 62. Kxc3 Kf5 63. Kd3 Kxg5 64. Rc5+ Kg4 65. Ke3 g5 66.
Rc8 Kg3 67. Rg8 g4 68. Ke2 Rf7 69. Rg6 Kh3 70. Rh6+ Kg2 71. Rg6 Re7+ 72. Kd2 g3
73. Rg8 Kf2 74. Rf8+ Kg2 75. Rg8 Re5 76. Rg7 Re4 77. Rg8 Kh3 78. Rh8+ Rh4 79.
Rf8 g2 80. Rf3+ Kg4 81. Rf8 Kg3 0-1

[Event "Frankfurt Ch A 2019"]
[Site "Ffm-Höchst, BiKuZ"]
[Date "2019.05.20"]
[Round "4.13"]
[White "Rondonuwu, Grover"]
[Black "Biegel, Thomas"]
[Result "1/2-1/2"]
[WhiteElo "2043"]
[BlackElo "1905"]
[PlyCount "66"]
[EventDate "2019.??.??"]
[WhiteTeam "Frankfurter TV"]
[BlackTeam "SVG Eppstein"]

1. d4 e6 2. c4 f5 3. Nf3 Nf6 4. Nc3 Be7 5. g3 O-O 6. Bg2 d6 7. O-O Ne4 8. Nd2
Nxc3 9. bxc3 e5 10. Rb1 c6 11. Nf3 Qc7 12. c5 e4 13. Qb3+ d5 14. Ne5 Nd7 15.
Bf4 Qd8 16. Nxd7 Qxd7 17. f3 Rf7 18. Be5 Qe6 19. fxe4 dxe4 20. Qxe6 Bxe6 21.
Rxb7 Bxa2 22. Ra1 Bc4 23. Raxa7 Rxa7 24. Rxa7 Bxe2 25. Rc7 Bg5 26. Rc8+ Rf8 27.
Rxf8+ Kxf8 28. Kf2 Bc4 29. Ke1 g6 30. Bf1 Bd2+ 31. Kxd2 Bxf1 32. Ke3 Kf7 33.
Bf4 Ke6 1/2-1/2

[Event "Frankfurt Ch A 2019"]
[Site "Ffm-Höchst, BiKuZ"]
[Date "2019.05.20"]
[Round "4.15"]
[White "Schwenkreis, Thomas"]
[Black "Krüger, Till"]
[Result "1-0"]
[WhiteElo "1995"]
[BlackElo "1887"]
[PlyCount "107"]
[EventDate "2019.??.??"]
[WhiteTeam "SV Oberursel"]
[BlackTeam "SC Nidderau"]

1. e4 d6 2. d4 Nf6 3. Nc3 e5 4. d5 c6 5. Bg5 Be7 6. Qd2 Nxd5 7. Bxe7 Nxe7 8.
O-O-O O-O 9. Qxd6 Qxd6 10. Rxd6 Be6 11. Nf3 Nc8 12. Rd2 f6 13. Be2 Nb6 14. b3
a5 15. Rhd1 N8d7 16. Nh4 g6 17. g3 Kf7 18. f4 Ke7 19. f5 gxf5 20. exf5 Bd5 21.
Nxd5+ cxd5 22. Bb5 Nc5 23. Kb2 Ne4 24. Re2 Rac8 25. c4 Nd6 26. Nf3 Rfd8 27.
Nxe5 fxe5 28. Rxe5+ Kf7 29. Re6 Na8 30. Rxd5 Nxf5 31. Ree5 Ne7 32. Rd7 Rxd7 33.
Bxd7 Rd8 34. Bg4 Nc6 35. Rb5 b6 36. Bf3 Nd4 37. Rd5 Rxd5 38. Bxd5+ Kf6 39. Bxa8
Kg5 40. Kc3 Ne2+ 41. Kd2 Nd4 42. Be4 h5 43. Ke3 Ne6 44. a3 Nc5 45. b4 axb4 46.
axb4 Na6 47. b5 Nc5 48. Bf3 Na4 49. h4+ Kg6 50. Kd4 Nc5 51. Kd5 Na4 52. Kc6 Kh6
53. Bd1 Nb2 54. Bb3 1-0

[Event "Frankfurt Ch A 2019"]
[Site "Ffm-Höchst, BiKuZ"]
[Date "2019.05.20"]
[Round "4.16"]
[White "Kohani, Sohrab"]
[Black "Bagatsch, Thomas"]
[Result "0-1"]
[WhiteElo "1714"]
[BlackElo "1973"]
[PlyCount "98"]
[EventDate "2019.??.??"]
[WhiteTeam "Freibauer Mörlenbach"]
[BlackTeam "SC Brett vorm Kopp"]

1. e4 e5 2. Nf3 Nc6 3. d4 exd4 4. Bc4 Nf6 5. O-O d6 6. Nxd4 Be7 7. Nc3 O-O 8.
h3 Re8 9. Be3 Bd7 10. Re1 a6 11. a4 Bf8 12. Bg5 h6 13. Nxc6 Bxc6 14. Bxf6 Qxf6
15. Bd5 g6 16. Re3 Bxd5 17. Nxd5 Qd8 18. Qd3 Bg7 19. c3 c6 20. Nb4 a5 21. Nc2
Qb6 22. Nd4 Re7 23. Rb1 Rae8 24. g3 d5 25. exd5 Rxe3 26. fxe3 cxd5 27. b3 h5
28. Re1 Re4 29. Qb5 Qc7 30. Ne2 Rxe3 31. Qxd5 Qe7 32. Kf2 Bxc3 33. Nxc3 Rxe1
34. Qd3 Re5 35. Nd5 Qd6 36. Nf4 Qxd3 37. Nxd3 Re7 38. Nb2 b5 39. axb5 Rb7 40.
b6 Rxb6 41. Nc4 Rb5 42. h4 Kg7 43. Nd2 Kf6 44. Ke3 Kf5 45. Kf2 Kg4 46. Kg2 Rc5
47. Nc4 Rxc4 48. bxc4 Kf5 49. Kf3 a4 0-1

[Event "Frankfurt Ch A 2019"]
[Site "Ffm-Höchst, BiKuZ"]
[Date "2019.05.20"]
[Round "4.17"]
[White "Steudel, Max"]
[Black "Brehme, Ralf-Peter"]
[Result "1-0"]
[WhiteElo "1970"]
[BlackElo "1875"]
[PlyCount "65"]
[EventDate "2019.??.??"]
[WhiteTeam "SC Brett vorm Kopp"]
[BlackTeam "Vorw.Orient Mainz"]

1. d4 f5 2. Nc3 Nf6 3. Bg5 d5 4. f3 c6 5. Qd2 Be6 6. Nh3 Nbd7 7. e3 g6 8. Bd3
Qa5 9. a3 Bg7 10. O-O-O O-O 11. Kb1 b5 12. Bxf6 Bxf6 13. Nxd5 b4 14. Nxf6+ exf6
15. Nf4 Bf7 16. Qxb4 Qxb4 17. axb4 Rfb8 18. d5 cxd5 19. Ba6 Nb6 20. b3 g5 21.
Nd3 d4 22. exd4 Nd5 23. Kb2 Nxb4 24. Nxb4 Rxb4 25. d5 Rd8 26. Bc4 a5 27. Rd4 a4
28. Kc3 Rdb8 29. Ra1 axb3 30. Bxb3 Rxd4 31. Kxd4 f4 32. Ra6 f5 33. Ke5 1-0

[Event "Frankfurt Ch A 2019"]
[Site "Ffm-Höchst, BiKuZ"]
[Date "2019.05.20"]
[Round "4.18"]
[White "Calvi, Stefan"]
[Black "Balzereit, Georg"]
[Result "1-0"]
[WhiteElo "1953"]
[BlackElo "1687"]
[PlyCount "45"]
[EventDate "2019.??.??"]
[WhiteTeam "SF Frankfurt"]
[BlackTeam "vereinslos"]

1. e4 d5 2. exd5 Nf6 3. Bb5+ c6 4. dxc6 Nxc6 5. Nc3 e5 6. Nf3 Bc5 7. O-O O-O 8.
Bxc6 bxc6 9. Nxe5 Re8 10. d4 Bxd4 11. Nxc6 Qb6 12. Nxd4 Ba6 13. Re1 Rxe1+ 14.
Qxe1 Qxd4 15. Be3 Qg4 16. Qd1 Qg6 17. Qf3 Re8 18. Rc1 h6 19. h3 Kh7 20. Bd4 Qg5
21. Rd1 Re7 22. Bxf6 gxf6 23. Ne4 1-0

[Event "Frankfurt Ch A 2019"]
[Site "Ffm-Höchst, BiKuZ"]
[Date "2019.05.20"]
[Round "4.19"]
[White "Hoti, Safet"]
[Black "Viol, Julius"]
[Result "1-0"]
[WhiteElo "1944"]
[BlackElo "1675"]
[PlyCount "61"]
[EventDate "2019.??.??"]
[WhiteTeam "SC Heusenstamm"]
[BlackTeam "FC Bierstadt"]

1. d4 Nf6 2. c4 c5 3. d5 e6 4. Nc3 exd5 5. cxd5 d6 6. e4 g6 7. Bb5+ Nbd7 8. a4
a6 9. Be2 Bg7 10. Nf3 O-O 11. Bf4 Re8 12. Nd2 Ne5 13. O-O Rb8 14. a5 Bg4 15. f3
Bc8 16. Be3 Ned7 17. Nc4 Ne5 18. Nxe5 Rxe5 19. Qd2 Re7 20. Na4 Qe8 21. Nc3 Nd7
22. Rfe1 f5 23. Bf2 Nf6 24. Bg3 fxe4 25. Bxd6 e3 26. Qd1 Rd7 27. Bxb8 Qf7 28.
Ra4 Nxd5 29. Nxd5 Rxd5 30. Qxd5 Qxd5 31. Bc4 1-0

[Event "Frankfurt Ch A 2019"]
[Site "Ffm-Höchst, BiKuZ"]
[Date "2019.05.20"]
[Round "4.20"]
[White "Pauly, Markus"]
[Black "Engel, Johannes"]
[Result "1-0"]
[WhiteElo "1864"]
[BlackElo "2047"]
[PlyCount "101"]
[EventDate "2019.??.??"]
[WhiteTeam "Sfr. Erbach"]
[BlackTeam "SC Brett vorm Kopp"]

1. c4 Nf6 2. Nc3 c5 3. g3 Nc6 4. Bg2 g6 5. a3 Bg7 6. Rb1 O-O 7. b4 d6 8. d3 Bd7
9. bxc5 dxc5 10. Rxb7 Na5 11. Rb1 Bc6 12. Nf3 Ng4 13. Bd2 Ne5 14. Nh4 Qd7 15.
Ne4 Nb7 16. O-O Rad8 17. Be3 Qc7 18. Qc1 Rd7 19. Rxb7 Bxb7 20. Nxc5 Bxg2 21.
Nxg2 Rdd8 22. h3 Nc6 23. Re1 Bd4 24. Nb3 Bxe3 25. Nxe3 e6 26. Qc3 Qe5 27. Qc2
Nd4 28. Nxd4 Qxd4 29. Rb1 Rb8 30. Kg2 h5 31. h4 Qe5 32. Rb3 Rxb3 33. Qxb3 Rb8
34. Qd1 Rb2 35. Kf1 Qb8 36. Qa4 Qb7 37. f3 Qb8 38. Kf2 Qd8 39. c5 Rb7 40. Qe4
Rc7 41. Qe5 Rd7 42. Nc4 Rd5 43. Qe3 Qc7 44. d4 Qd7 45. Nd6 Qa4 46. Ne4 Kg7 47.
Nc3 Qxd4 48. Nxd5 Qxd5 49. Qc3+ Kf8 50. c6 Qd8 51. c7 1-0

[Event "Frankfurt Ch A 2019"]
[Site "Ffm-Höchst, BiKuZ"]
[Date "2019.05.20"]
[Round "4.21"]
[White "Hristovski, Srdzan"]
[Black "Fröhlich-Dill, Astrid"]
[Result "1-0"]
[WhiteElo "2093"]
[BlackElo "1810"]
[PlyCount "81"]
[EventDate "2019.??.??"]
[WhiteTeam "SF Frankfurt"]
[BlackTeam "SV Hofheim"]

1. e4 g6 2. d4 Bg7 3. c4 d6 4. Nc3 Nc6 5. Be3 Nf6 6. h3 b6 7. Qd2 h5 8. f4 e6
9. e5 dxe5 10. fxe5 Ng8 11. Nf3 Bh6 12. Ne4 Bxe3 13. Qxe3 Nb4 14. Qd2 Bb7 15.
Neg5 Qe7 16. a3 Nc6 17. Bd3 O-O-O 18. Qe3 Nh6 19. O-O-O Na5 20. Rhe1 Nf5 21.
Bxf5 gxf5 22. Qc3 Rhg8 23. h4 Ba6 24. Nd2 Nc6 25. Ndf3 Na5 26. Nd2 Nc6 27. Nb3
Rxg5 28. hxg5 Qxg5+ 29. Kb1 Qxg2 30. Rd2 Qg6 31. Ka1 f4 32. d5 Ne7 33. d6 Nc6
34. Qf3 Bb7 35. Qxf4 cxd6 36. exd6 Kd7 37. c5 f5 38. cxb6 axb6 39. Qf2 Rc8 40.
Qxb6 Nd8 41. Nc5+ 1-0

[Event "Frankfurt Ch A 2019"]
[Site "Ffm-Höchst, BiKuZ"]
[Date "2019.05.20"]
[Round "4.22"]
[White "Goldt, Rainer"]
[Black "Rolf, Marco"]
[Result "0-1"]
[WhiteElo "1852"]
[BlackElo "2026"]
[PlyCount "88"]
[EventDate "2019.??.??"]
[WhiteTeam "Kreuznacher SV"]
[BlackTeam "SK Gernsheim"]

1. e4 e6 2. d4 d5 3. Bd3 dxe4 4. Bxe4 Nf6 5. Bf3 Bd6 6. Ne2 O-O 7. O-O Nbd7 8.
Nbc3 h6 9. Be3 e5 10. dxe5 Nxe5 11. Nd4 Nfg4 12. Bxg4 Nxg4 13. Nf3 Nxe3 14.
fxe3 Bc5 15. Qxd8 Bxe3+ 16. Kh1 Rxd8 17. Rae1 Bb6 18. Ne5 Be6 19. Ne4 c5 20. h3
c4 21. c3 a5 22. Rd1 f6 23. Ng6 Rd3 24. Nf4 Rxd1 25. Rxd1 Bf7 26. Rd7 Rd8 27.
Rxd8+ Bxd8 28. Nc5 b5 29. Ne4 Kf8 30. Kg1 Ke7 31. Kf2 f5 32. Nd2 Bb6+ 33. Ke1
Kd6 34. Nf3 g5 35. Ne2 Bh5 36. Nfd4 Bxe2 37. Nxe2 Ke5 38. Kd2 h5 39. Ng3 h4 40.
Ne2 Ke4 41. b3 g4 42. hxg4 fxg4 43. bxc4 bxc4 44. a4 Bf2 0-1

[Event "Frankfurt Ch A 2019"]
[Site "Ffm-Höchst, BiKuZ"]
[Date "2019.05.20"]
[Round "4.23"]
[White "Schmidt, Markus"]
[Black "Varma, Christopher"]
[Result "1-0"]
[WhiteElo "2015"]
[BlackElo "1779"]
[PlyCount "89"]
[EventDate "2019.??.??"]
[WhiteTeam "SK Turm Bad Hersfeld"]
[BlackTeam "SV Oberursel"]

1. c4 Nf6 2. g3 g6 3. Bg2 Bg7 4. Nc3 O-O 5. Nf3 d6 6. d4 Nc6 7. O-O a6 8. Bf4
Bf5 9. Re1 Ne4 10. Nd5 e5 11. dxe5 dxe5 12. Be3 Be6 13. Qc2 Nd6 14. Red1 Qc8
15. Bc5 Rd8 16. e4 h6 17. h3 Kh7 18. Kh2 b6 19. Be3 f5 20. exf5 Nxf5 21. h4 Rb8
22. h5 Bf7 23. Bh3 Nxe3 24. Nxe3 Qb7 25. Nh4 Ne7 26. Nd5 Bxd5 27. cxd5 Rd6 28.
hxg6+ Nxg6 29. Be6 Rf8 30. Qxg6+ Kh8 31. Rd2 Rf6 32. Qe8+ Rf8 33. Qg6 Rf6 34.
Qc2 Qb8 35. Re1 Qd8 36. Red1 Qf8 37. Kg2 Qa8 38. Kh2 Qe8 39. Bg4 Qf8 40. Kg2
Qf7 41. Qe4 Qe7 42. b4 Qd8 43. Rc2 Qa8 44. Rxc7 b5 45. Rc8+ 1-0

[Event "Frankfurt Ch A 2019"]
[Site "Ffm-Höchst, BiKuZ"]
[Date "2019.05.20"]
[Round "4.24"]
[White "Faqiry, Ramat"]
[Black "Winand, Edgar"]
[Result "1/2-1/2"]
[WhiteElo "1973"]
[BlackElo "1778"]
[PlyCount "72"]
[EventDate "2019.??.??"]
[WhiteTeam "SK Bad Homburg"]
[BlackTeam "SF Frankfurt"]

1. d4 d6 2. Nf3 h6 3. c4 g5 4. e4 Bg7 5. Nc3 Nc6 6. h3 e5 7. d5 Nce7 8. g4 Ng6
9. Ne2 Nf4 10. Ng3 Ne7 11. Nf5 Bf6 12. Be3 Nxf5 13. gxf5 Ke7 14. c5 Bd7 15. Qb3
b6 16. c6 Bc8 17. Qa3 a5 18. Bxf4 gxf4 19. O-O-O Ba6 20. Bxa6 Rxa6 21. Rhg1 Ra8
22. Nh2 Rh7 23. Rg2 Qh8 24. Rdg1 Rg7 25. Qf3 Rag8 26. Ng4 h5 27. Nh2 Rxg2 28.
Rxg2 Rxg2 29. Qxg2 Qa8 30. Nf1 Qa6 31. Nd2 Qe2 32. Qg8 Qe1+ 33. Kc2 Qxf2 34.
Qc8 Qc5+ 35. Kd3 Qe3+ 36. Kc2 Qc5+ 1/2-1/2

[Event "Frankfurt Ch A 2019"]
[Site "Ffm-Höchst, BiKuZ"]
[Date "2019.05.20"]
[Round "4.25"]
[White "Adair, Robin"]
[Black "Bischoff, Ulrich"]
[Result "0-1"]
[WhiteElo "1792"]
[BlackElo "1961"]
[PlyCount "72"]
[EventDate "2019.??.??"]
[WhiteTeam "SC Nidderau"]
[BlackTeam "Sfr. Erbach"]

1. c4 e5 2. Nc3 Nf6 3. e4 Bb4 4. d3 O-O 5. g3 c6 6. Bg2 d5 7. exd5 cxd5 8. Qb3
Na6 9. Kf1 dxc4 10. dxc4 Bxc3 11. Qxc3 Qd1+ 12. Qe1 Qd3+ 13. Qe2 Qg6 14. Bh3
Nb4 15. Bxc8 Raxc8 16. Bd2 Nc2 17. Rc1 Rfe8 18. h3 h5 19. Kg2 Rcd8 20. Ba5 Nd4
21. Qe1 b6 22. Bc3 h4 23. Rd1 Nh5 24. Kh2 f5 25. Bd2 f4 26. g4 Ng3 27. f3 Qc6
28. Qf2 Nxh1 29. Kxh1 e4 30. Bxf4 Nxf3 31. Rc1 Rf8 32. Nxf3 Rxf4 33. Qxh4 Rdf8
34. Nd4 Qc5 35. Nf5 R8xf5 36. Qd8+ Rf8 0-1

[Event "Frankfurt Ch A 2019"]
[Site "Ffm-Höchst, BiKuZ"]
[Date "2019.05.20"]
[Round "4.26"]
[White "Kolker, Vladislav"]
[Black "Moritz, Dennis"]
[Result "1/2-1/2"]
[WhiteElo "1959"]
[BlackElo "1734"]
[PlyCount "63"]
[EventDate "2019.??.??"]
[WhiteTeam "SC Bad Nauheim"]
[BlackTeam "SK Hungen"]

1. e4 e6 2. d3 d5 3. Nd2 Nf6 4. Ngf3 c5 5. g3 Nc6 6. Bg2 Be7 7. O-O O-O 8. e5
Nd7 9. Re1 f6 10. exf6 Nxf6 11. c3 Bd6 12. d4 Bd7 13. Nb3 b6 14. Ne5 Qc7 15.
Nxd7 Qxd7 16. f4 Rae8 17. Be3 c4 18. Nd2 b5 19. b3 b4 20. bxc4 bxc3 21. Nb1 Bb4
22. Qd3 dxc4 23. Qxc4 Nd5 24. Bc1 Rc8 25. Rxe6 Nce7 26. Rxe7 Qxe7 27. Qxd5+ Kh8
28. Qe5 Qxe5 29. fxe5 c2 30. Nd2 Bc3 31. Nb3 Rc4 32. Be4 1/2-1/2

[Event "Frankfurt Ch A 2019"]
[Site "Ffm-Höchst, BiKuZ"]
[Date "2019.05.20"]
[Round "4.27"]
[White "Jurkic, Bosiljko"]
[Black "Rauscher, Joachim"]
[Result "1-0"]
[WhiteElo "1956"]
[BlackElo "1764"]
[PlyCount "75"]
[EventDate "2019.??.??"]
[WhiteTeam "SC Bad Wimpfen"]
[BlackTeam "SC Brett vorm Kopp"]

1. e4 c5 2. Nf3 d6 3. Bb5+ Bd7 4. Bxd7+ Qxd7 5. O-O Nf6 6. Qe2 Nc6 7. c3 e6 8.
Rd1 Be7 9. d4 cxd4 10. cxd4 d5 11. e5 Ne4 12. Ne1 f5 13. Qh5+ g6 14. Qe2 Ng5
15. Be3 O-O 16. Nd3 Rac8 17. Nd2 Nf7 18. a3 Na5 19. Rac1 Rxc1 20. Rxc1 Rc8 21.
b4 Rxc1+ 22. Nxc1 Qc7 23. Nd3 Nc4 24. Nc5 Nxe3 25. Qxe3 Bxc5 26. bxc5 Nd8 27.
h4 Nc6 28. Nf3 b6 29. cxb6 axb6 30. h5 Nd8 31. hxg6 hxg6 32. Qg5 Nf7 33. Qxg6+
Kf8 34. Kh2 Qc1 35. Qxe6 Qf4+ 36. Kh1 Qc1+ 37. Ng1 Qxa3 38. Qxf5 1-0

[Event "Frankfurt Ch A 2019"]
[Site "Ffm-Höchst, BiKuZ"]
[Date "2019.05.20"]
[Round "4.28"]
[White "Diehl, Stefan"]
[Black "Casagrande, Thomas"]
[Result "1/2-1/2"]
[WhiteElo "1771"]
[BlackElo "1952"]
[PlyCount "154"]
[EventDate "2019.??.??"]
[WhiteTeam "SC Höchst"]
[BlackTeam "Frankfurter TV"]

1. f4 d5 2. Nf3 Nf6 3. e3 Bg4 4. h3 Bxf3 5. Qxf3 Nbd7 6. d4 Ne4 7. Bd3 f5 8.
Nc3 e6 9. Bxe4 dxe4 10. Qe2 c6 11. Bd2 Qh4+ 12. Qf2 Qxf2+ 13. Kxf2 Bb4 14. Nxe4
fxe4 15. Bxb4 a5 16. Bd6 Nb6 17. b3 Kd7 18. Be5 Rhg8 19. c4 Ke7 20. Rhd1 Rac8
21. g4 g6 22. Kg3 h6 23. Rab1 Kd7 24. Rb2 Ra8 25. Rc2 Rac8 26. a3 Ke7 27. Kf2
Nd7 28. Ke2 Nb6 29. Kd2 Nd7 30. Kc3 h5 31. g5 Nb6 32. Bf6+ Kd7 33. Kb2 Ra8 34.
a4 Rge8 35. d5 exd5 36. Bd4 Nc8 37. cxd5 cxd5 38. Be5 Ne7 39. Rc7+ Ke6 40. Rxb7
Rec8 41. Rb5 Ra6 42. Bc3 Rac6 43. Bxa5 Rc2+ 44. Ka3 Rh2 45. Rd2 Rxh3 46. Bb6
Rh1 47. Bd4 h4 48. Rb6+ Rc6 49. Rb8 Rc8 50. Rxc8 Nxc8 51. a5 h3 52. Kb4 h2 53.
Rc2 Ne7 54. Kb5 Rb1 55. Rxh2 Rxb3+ 56. Ka4 Rb8 57. a6 Nc6 58. Bc5 d4 59. exd4
Kd5 60. Re2 Nxd4 61. Bxd4 Kxd4 62. Ka5 e3 63. a7 Rf8 64. Kb6 Kd3 65. Ra2 e2 66.
Ra1 Kd2 67. Kb7 e1=Q 68. Rxe1 Kxe1 69. a8=Q Rxa8 70. Kxa8 Ke2 71. f5 gxf5 72.
g6 f4 73. g7 f3 74. g8=Q f2 75. Qe6+ Kf1 76. Qf5 Kg2 77. Qg4+ Kh1 1/2-1/2

[Event "Frankfurt Ch A 2019"]
[Site "Ffm-Höchst, BiKuZ"]
[Date "2019.05.20"]
[Round "4.29"]
[White "Merges, Harald"]
[Black "Kuhn, Gerhard"]
[Result "0-1"]
[WhiteElo "1757"]
[BlackElo "1941"]
[PlyCount "44"]
[EventDate "2019.??.??"]
[WhiteTeam "SG Reil-Kinheim"]
[BlackTeam "SK Marburg"]

1. e4 c6 2. d4 d5 3. e5 c5 4. c3 Nc6 5. Nf3 Bg4 6. Be2 e6 7. O-O Nge7 8. Nbd2
cxd4 9. cxd4 Nf5 10. Nb3 Qb6 11. Be3 Be7 12. Qd2 O-O 13. h3 Bxf3 14. Bxf3 a5
15. g4 Nh4 16. Bd1 a4 17. Nc1 f6 18. Kh1 fxe5 19. dxe5 Qc7 20. f4 Nxe5 21. Qd4
Nc4 22. Nd3 b6 0-1

[Event "Frankfurt Ch A 2019"]
[Site "Ffm-Höchst, BiKuZ"]
[Date "2019.05.20"]
[Round "4.30"]
[White "Zeyen, Helmut"]
[Black "Hochmuth, Christian"]
[Result "0-1"]
[WhiteElo "1725"]
[BlackElo "1928"]
[PlyCount "70"]
[EventDate "2019.??.??"]
[WhiteTeam "Wiesbadener SV"]
[BlackTeam "SG Wächtersbach"]

1. e4 c5 2. Nc3 Nc6 3. f4 g6 4. Nf3 Bg7 5. Bb5 Nd4 6. Nxd4 cxd4 7. Nb1 e6 8.
Qf3 Ne7 9. c3 Qb6 10. Be2 d6 11. Na3 Bd7 12. Nc4 Qc7 13. Na3 a6 14. Nc2 Nc6 15.
O-O O-O 16. c4 Na5 17. d3 b5 18. Bd2 bxc4 19. Bxa5 Qxa5 20. Na3 cxd3 21. Bxd3
Qb4 22. Nc4 Bb5 23. b3 Bxc4 24. Bxc4 Qb7 25. h4 h5 26. f5 gxf5 27. Qxh5 Qxe4
28. Qg5 Qe3+ 29. Qxe3 dxe3 30. Rad1 d5 31. Be2 Rfc8 32. Bd3 Rc3 33. Kh2 a5 34.
Rf3 Be5+ 35. Kh3 d4 0-1

[Event "Frankfurt Ch A 2019"]
[Site "Ffm-Höchst, BiKuZ"]
[Date "2019.05.20"]
[Round "4.31"]
[White "Münstermann, Matthias"]
[Black "Gräbner, Walter"]
[Result "0-1"]
[WhiteElo "1666"]
[BlackElo "1922"]
[PlyCount "90"]
[EventDate "2019.??.??"]
[WhiteTeam "SK Langen"]
[BlackTeam "SC Nied"]

1. d4 d5 2. c4 c6 3. Nf3 e6 4. Nc3 Nf6 5. Bg5 dxc4 6. a4 Bb4 7. Bxf6 gxf6 8. e3
b5 9. Be2 Bb7 10. O-O a6 11. Qc2 Nd7 12. Rfd1 Nb6 13. e4 Bxc3 14. Qxc3 Nxa4 15.
Qc2 Qb6 16. b3 cxb3 17. Qxb3 Qa7 18. Qe3 Rg8 19. Qh6 Nc3 20. Re1 Nxe2+ 21. Rxe2
Ke7 22. e5 Rg6 23. Qxh7 Rag8 24. exf6+ Kxf6 25. Qh4+ Kg7 26. Ne5 Rh6 27. Qg5+
Kh7 28. Qf4 c5 29. g3 f5 30. Nf7 Rh5 31. Rxe6 Rg7 32. Rh6+ Rxh6 33. Qxh6+ Kg8
34. Re1 Be4 35. Nd6 cxd4 36. Nxe4 fxe4 37. Rxe4 Qd7 38. Qf6 d3 39. Rd4 Rf7 40.
Rxd7 Rxf6 41. Rxd3 Rb6 42. Kf1 b4 43. Rb3 a5 44. Ke1 a4 45. Rb1 b3 0-1

[Event "Frankfurt Ch A 2019"]
[Site "Ffm-Höchst, BiKuZ"]
[Date "2019.05.20"]
[Round "4.32"]
[White "Rupp, Mark"]
[Black "Masoudi, Kian"]
[Result "1-0"]
[WhiteElo "1901"]
[BlackElo "1537"]
[PlyCount "95"]
[EventDate "2019.??.??"]
[WhiteTeam "SK Langen"]
[BlackTeam "SC Bergen-Enkheim"]

1. Nf3 Nf6 2. d4 c5 3. d5 e6 4. c4 exd5 5. cxd5 d6 6. Nc3 Be7 7. e4 O-O 8. Bd3
Bg4 9. h3 Bh5 10. O-O Nbd7 11. g4 Bg6 12. Nh4 Ne5 13. Nf5 Nxd3 14. Qxd3 Nd7 15.
f4 Bxf5 16. exf5 Bf6 17. Be3 Re8 18. Ne4 Qe7 19. Nxf6+ Nxf6 20. Rfe1 Qe4 21.
Rad1 Qf3 22. Bf2 Rxe1+ 23. Bxe1 Qxf4 24. Bg3 Qd4+ 25. Qxd4 cxd4 26. Rxd4 Rd8
27. Bh4 Kf8 28. g5 Nd7 29. g6 f6 30. gxh7 Kf7 31. Bg3 Ne5 32. Bxe5 fxe5 33. Rc4
Rh8 34. Rc7+ Kf6 35. Rxb7 Rxh7 36. Rxa7 Kxf5 37. Kg2 Ke4 38. Ra5 Kd3 39. Ra6
Rh6 40. Rc6 Rf6 41. Rc3+ Kd4 42. Rf3 Rxf3 43. Kxf3 Kd3 44. Kf2 Kc4 45. Ke3 Kxd5
46. b3 Kc5 47. Ke4 d5+ 48. Kxe5 1-0

[Event "Frankfurt Ch A 2019"]
[Site "Ffm-Höchst, BiKuZ"]
[Date "2019.05.20"]
[Round "4.33"]
[White "Zimmer, Gerald"]
[Black "Hambel, Christoph"]
[Result "0-1"]
[WhiteElo "1854"]
[BlackElo "1719"]
[PlyCount "58"]
[EventDate "2019.??.??"]
[WhiteTeam "SC Bergen-Enkheim"]
[BlackTeam "Bad Vilbeler Sfr."]

1. d4 Nf6 2. c4 c5 3. d5 b5 4. cxb5 a6 5. Nc3 g6 6. e4 d6 7. Bd3 Bg7 8. Nge2
O-O 9. O-O axb5 10. Bxb5 Ba6 11. Qd3 Qc7 12. Bxa6 Nxa6 13. Nb5 c4 14. Qc2 Qc5
15. Nec3 Nb4 16. Qe2 Nd3 17. Be3 Qb4 18. Bd2 Nd7 19. a3 Qb3 20. a4 N7c5 21. Ra3
Qc2 22. Qd1 Qxd1 23. Rxd1 Nxb2 24. Rb1 Ncxa4 25. Nc7 Nxc3 26. Rxc3 Bxc3 27.
Bxc3 Rac8 28. Ba5 Nd3 29. Kf1 c3 0-1

[Event "Frankfurt Ch A 2019"]
[Site "Ffm-Höchst, BiKuZ"]
[Date "2019.05.20"]
[Round "4.35"]
[White "Li, Maxim"]
[Black "Ackermann, Robert"]
[Result "1-0"]
[WhiteElo "1932"]
[BlackElo "1664"]
[PlyCount "43"]
[EventDate "2019.??.??"]
[WhiteTeam "Wiesbadener SV"]
[BlackTeam "SC Bad Soden"]

1. e4 d6 2. d4 Nf6 3. Nc3 g6 4. f4 Bg7 5. Nf3 O-O 6. e5 dxe5 7. fxe5 Nd5 8. Bc4
c6 9. O-O Bg4 10. Ne4 b5 11. Bb3 Na6 12. c3 Nac7 13. Qe1 a5 14. a4 Bxf3 15.
Rxf3 Ne6 16. Qh4 f6 17. Bh6 g5 18. Qh5 Rf7 19. Nxg5 Nxg5 20. Bxg5 Qf8 21. e6
fxg5 22. Rxf7 1-0